[Event "ESP-ch U18"]
[Site "Salobrena"]
[Date "2021.07.27"]
[Round "3"]
[White "Lagunas Gualda, Guillermo"]
[Black "Gomez Logrosan, Cristian"]
[Result "1-0"]
[WhiteElo "2119"]
[BlackElo "1769"]
[PlyCount "81"]
[EventDate "2021.07.26"]
[EventType "swiss"]
[EventRounds "9"]
[EventCountry "ESP"]
[SourceTitle "CBM 203 Extra"]
[Source "ChessBase"]
[SourceDate "2021.09.30"]
[SourceVersion "1"]
[SourceVersionDate "2021.09.30"]
[SourceQuality "1"]

1. Nf3 Nf6 2. g3 g6 3. b3 Bg7 4. Bb2 0-0 5. Bg2 d6 6. d4 c5 7. c4 Ne4 8. Qc2 Qa5+ 9. Nbd2 Nxd2 10. Qxd2 Qxd2+ 11. Kxd2 Nc6 12. e3 Bg4 13. Bc3 Rac8 14. d5 Bxc3+ 15. Kxc3 Bxf3 16. Bxf3 Ne5 17. Be2 b6 18. f4 Nd7 19. e4 e5 20. Bg4 f5 21. Bh3 Nf6 22. Rae1 Rce8 23. exf5 gxf5 24. Rhf1 e4 25. Kd2 Ng4 26. Bxg4 fxg4 27. Ke3 Kg7 28. h3 gxh3 29. Rh1 Rf6 30. Rxh3 Rh6 31. Reh1 Rxh3 32. Rxh3 Kg6 33. g4 h6 34. Rh5 Re7 35. f5+ Kg7 36. f6+ Kxf6 37. Rxh6+ Kg5 38. Rxd6 Kxg4 39. Re6 Rh7 40. Kxe4 Rh1 41. Rg6+ 1-0

[Event "San Sebastian de los Reyes op 20th"]
[Site "San Sebastian"]
[Date "2018.12.01"]
[Round "1"]
[White "Diaz Guzman, David"]
[Black "Gomez Logrosan, Cristian"]
[Result "0-1"]
[WhiteElo "1126"]
[BlackElo "1790"]
[PlyCount "52"]
[EventDate "2018.12.01"]
[EventType "swiss"]
[EventRounds "9"]
[EventCountry "ESP"]
[SourceTitle "CBM 187 Extra"]
[Source "ChessBase"]
[SourceDate "2018.11.04"]
[SourceVersion "1"]
[SourceVersionDate "2018.11.04"]
[SourceQuality "1"]

1. e4 c5 2. Nf3 d6 3. d4 cxd4 4. Nxd4 Nf6 5. Nc3 a6 6. Be3 e5 7. Nb3 Be6 8. Be2 Be7 9. Qd2 0-0 10. 0-0-0 Nbd7 11. f4 b5 12. a3 Qc7 13. Kb1 Rab8 14. h3 b4 15. axb4 Qb7 16. Nd5 Bxd5 17. exd5 Ne4 18. Qd3 Ng3 19. Rhg1 Nxe2 20. Qxe2 Qxb4 21. fxe5 Nxe5 22. Qxa6 Ra8 23. Qb6 Qa4 24. Kc1 Nc4 25. Qd4 Qa1+ 26. Nxa1 Rxa1# 0-1

[Event "Tres Cantos op 10th"]
[Site "Tres Cantos"]
[Date "2018.06.24"]
[Round "4.9"]
[White "Ballesteros Avila, Antonio"]
[Black "Gomez Logrosan, Cristian"]
[Result "1-0"]
[WhiteElo "1999"]
[BlackElo "1647"]
[PlyCount "47"]
[EventDate "2018.06.21"]
[EventType "swiss"]
[EventRounds "9"]
[EventCountry "ESP"]
[SourceTitle "EXT 2024"]
[Source "ChessBase"]
[SourceDate "2023.10.10"]
[SourceVersion "1"]
[SourceVersionDate "2023.10.10"]
[SourceQuality "1"]

1. e4 c5 2. Nc3 Nc6 3. Bb5 d6 4. Bxc6+ bxc6 5. d3 g6 6. f4 Bg7 7. Nf3 e6 8. 0-0 Ne7 9. Qe1 0-0 10. Qh4 Ba6 11. Ng5 h6 12. Nf3 Rb8 13. f5 exf5 14. Bxh6 Rxb2 15. Nd1 Rb8 16. Ne3 Bxa1 17. Rxa1 Nc8 18. Ng5 Re8 19. Rf1 f6 20. Nxf5 Re5 21. Bg7 fxg5 22. Qh8+ Kf7 23. Nh6+ Ke7 24. Bf6+ 1-0

[Event "Madrid San Viator op-B 29th"]
[Site "Madrid"]
[Date "2017.11.05"]
[Round "8"]
[White "Gomez Logrosan, Cristian"]
[Black "Perez Sempere, Alberto"]
[Result "1-0"]
[WhiteElo "1638"]
[BlackElo "1731"]
[PlyCount "63"]
[EventDate "2017.09.17"]
[EventType "swiss"]
[EventRounds "9"]
[EventCountry "ESP"]
[SourceTitle "EXT 2019"]
[Source "ChessBase"]
[SourceDate "2018.10.10"]
[SourceVersion "1"]
[SourceVersionDate "2018.10.10"]
[SourceQuality "1"]

1. Nf3 Nf6 2. g3 d5 3. Bg2 c6 4. 0-0 Nbd7 5. d3 e6 6. Nbd2 Bd6 7. e4 Qc7 8. b3 0-0 9. Bb2 dxe4 10. dxe4 e5 11. Nc4 Nxe4 12. Nh4 b5 13. Nxd6 Nxd6 14. Ba3 Nb7 15. Bxf8 Nxf8 16. Qe2 Be6 17. Rad1 Nd7 18. Nf3 f6 19. Nd4 Bc4 20. bxc4 exd4 21. Qe6+ Kh8 22. Qxc6 Qxc6 23. Bxc6 Ndc5 24. Bxb7 Nxb7 25. cxb5 Rd8 26. Rfe1 h6 27. Re4 Rc8 28. Rd2 Nd6 29. Rexd4 Nxb5 30. Rd8+ Rxd8 31. Rxd8+ Kh7 32. c4 1-0

[Event "Madrid San Viator op-B 27th"]
[Site "Madrid"]
[Date "2016.10.16"]
[Round "5"]
[White "Gomez Logrosan, Cristian"]
[Black "Berlana San Segundo, Miguel"]
[Result "0-1"]
[WhiteElo "1309"]
[BlackElo "1440"]
[PlyCount "86"]
[EventDate "2016.09.25"]
[EventType "swiss"]
[EventRounds "9"]
[EventCountry "ESP"]
[SourceTitle "EXT 2019"]
[Source "ChessBase"]
[SourceDate "2018.10.10"]
[SourceVersion "1"]
[SourceVersionDate "2018.10.10"]
[SourceQuality "1"]

1. e4 e6 2. d4 d5 3. exd5 exd5 4. c4 dxc4 5. Bxc4 Nf6 6. Nc3 Bd6 7. Nf3 0-0 8. 0-0 Bg4 9. h3 Bh5 10. Be3 Nc6 11. Re1 h6 12. Be2 Re8 13. Rc1 Bb4 14. a3 Bxc3 15. bxc3 Nd5 16. Bd2 Qd6 17. Nh2 Bxe2 18. Rxe2 Rxe2 19. Qxe2 Qxa3 20. Qg4 Nf6 21. Qg3 Qd6 22. Bf4 Qe6 23. Bxc7 Nh5 24. Qg4 Qxg4 25. Nxg4 Rc8 26. Be5 f6 27. d5 Nxe5 28. Nxe5 fxe5 29. d6 Kf7 30. Rd1 a6 31. Rb1 b5 32. Ra1 Rc6 33. Re1 Rxd6 34. Rxe5 Nf6 35. Rc5 Ke6 36. f4 Ne4 37. Re5+ Kf6 38. Rxe4 Kf5 39. Rb4 Rd3 40. c4 Rd4 41. Rb1 Rxc4 42. Ra1 Ra4 43. Rf1 Rxf4 0-1

[Event "Madrid San Viator op-B 26th"]
[Site "Madrid"]
[Date "2016.05.15"]
[Round "6"]
[White "Lopez Valenciano, Rafael"]
[Black "Gomez Logrosan, Cristian"]
[Result "1-0"]
[WhiteElo "1505"]
[BlackElo "1247"]
[PlyCount "41"]
[EventDate "2016.04.03"]
[EventType "swiss"]
[EventRounds "9"]
[EventCountry "ESP"]
[SourceTitle "EXT 2017"]
[Source "ChessBase"]
[SourceDate "2016.10.25"]
[SourceVersion "1"]
[SourceVersionDate "2016.10.25"]
[SourceQuality "1"]

1. e4 c6 2. d4 d5 3. exd5 cxd5 4. Bf4 Nf6 5. c3 e6 6. Nf3 Nc6 7. Nbd2 Bd6 8. Ne5 Qc7 9. Bb5 Bd7 10. Nxd7 Qxd7 11. Bxd6 Qxd6 12. 0-0 0-0 13. Re1 Rac8 14. Nf3 a6 15. Bd3 Rfe8 16. Ne5 Nd7 17. Bxh7+ Kf8 18. Qh5 Ncxe5 19. dxe5 Qe7 20. Bd3 f6 21. Bg6 1-0